| 000 | 01909nam0a2200349 4500 | ||
|---|---|---|---|
| 001 | RU\NLR\b_ik\132500 | ||
| 005 | 20260408180917.0 | ||
| 035 | _a(NLR Aleph) 002205845 | ||
| 090 |
_a3102473 _c3102473 |
||
| 100 | _a20050721d2004 k y0rusy50 ca | ||
| 101 | 0 |
_aeng _drus |
|
| 102 | _aRU | ||
| 105 | _aa ||||||||| | ||
| 200 | 1 |
_aUnstable even-parity eigenmodes of the regular static SU(2) Yang-Mills-dilaton solutions _fO.I. Streltsova, E.E. Donets, E.A. Hayryan [et al.] |
|
| 210 |
_aДубна _cИзд. отд. Объед. ин-та ядер. исслед. _d2004 |
||
| 215 |
_a18, [1] с. _cил. _d22 |
||
| 225 | 1 |
_aОбъединенный институт ядерных исследований, Дубна _vЕ11-2004-151 |
|
| 300 | _aНа 3-й с. обл.: Четные собственные неустойчивые моды регулярных стационарных решений системы взаимодействующих SU(2) Янга-Миллса и дилатонного полей / Стрельцова О.И. и др. | ||
| 300 | _aРез. на рус. яз. | ||
| 320 | _aБиблиогр. в конце кн. (31 назв.) | ||
| 517 | 0 | _aЧетные собственные неустойчивые моды регулярных стационарных решений системы взаимодействующих SU(2) Янга-Миллса и дилатонного полей | |
| 606 | 1 |
_aЯнга-Миллса теория _91954517 _3RU\NLR\AUTH\661181826 |
|
| 606 |
_aПоле (физ.) Янга-Миллса _xТеория _3RU\NLR\AUTH\66918801 _91999644 |
||
| 686 | 1 | _aВ382.1 | |
| 701 | 1 |
_aStrel'cova _bO. I. _gOksana Ivanovna _4070 |
|
| 701 | 1 |
_aDonec _bE. E. _gEvgenij Evgen'evič _4070 |
|
| 701 | 1 |
_aAjrjan _bÉ. A. _gÉdik Artašovič _4070 |
|
| 801 | 0 |
_aRU _bNLR _c20050721 _gPSBO |
|
| 942 | _cBOOK | ||
| 980 | _aNB | ||